000 00471nam a22001817a 4500
999 _c3040
_d2997
008 180208b xxu||||| |||| 00| | tur d
020 _a9750706056
041 _atur
050 _aPL248.D813
100 _9969
_aDuman, Faruk
245 _aKırk
250 _a1. Baskı
260 _aİstanbul:
_bCan Yayınları,
_cMayıs 2006
300 _a111 Sayfa
500 _aCan Yayınları: 1546; Türk Edebiyatı: 443
650 0 _9145
_aTürk Edebiyatı
942 _2lcc
_cBK